000 00337nam a2200145Ia 4500
008 230917s9999||||xx |||||||||||||| ||und||
040 _e112257
_aMAIN
041 _aEnglish
082 _a822.33 B468S
100 _aBevington, David M
245 0 _aShakespeare
260 _aOxford
_bBlackwell
_c2002
300 _a250 p.
942 _cBK
999 _c138377
_d138377